JUDGEMENTS AND HOW WRITE THEM (Record no. 216813)

MARC details
000 -LEADER
fixed length control field 00420nam a22001577a 4500
008 - FIXED-LENGTH DATA ELEMENTS--GENERAL INFORMATION
fixed length control field 260309b |||||||| |||| 00| 0 eng d
100 ## - MAIN ENTRY--PERSONAL NAME
Personal name SINGH SHAMBHS DAYAL
245 ## - TITLE STATEMENT
Title JUDGEMENTS AND HOW WRITE THEM
250 ## - EDITION STATEMENT
Edition statement 4th ed.
260 ## - PUBLICATION, DISTRIBUTION, ETC.
Place of publication, distribution, etc. NEW DELHI
Name of publisher, distributor, etc. EASTERN BOOK COMPANY
Date of publication, distribution, etc. 2005
300 ## - PHYSICAL DESCRIPTION
Extent XXXII,183P.
500 ## - GENERAL NOTE
General note INCLUDES AN INDEX
650 ## - SUBJECT ADDED ENTRY
Topical term or geographic name entry element JUDGEMENT IN INDIA
942 ## - ADDED ENTRY ELEMENTS (KOHA)
Source of classification or shelving scheme Library of Congress Classification
Koha item type Long Loan Book
Holdings
Withdrawn status Lost status Source of classification or shelving scheme Damaged status Not for loan Collection Home library Current library Shelving location Date acquired Inventory number Total checkouts Full call number Date last seen Copy number Price effective from Koha item type
    Library of Congress Classification     Law Kisii University Library Kisii University Library On Display 03/09/2026 111617   KNS 3672 .S56 2005 03/09/2026 C.1 03/09/2026 Long Loan Book